000 00601nam a22001937a 4500
999 _c4130
_d4087
008 200826b ||||| |||| 00| j eng d
020 _a9789750820236
041 _atur
050 _aPL248.T8753
100 _985
_aTürkay, Orçun
245 _aBelkıs, Cevat ve Ne İdüğü Belirsizler : Öykü
_cKitap Editörü : Murat Yalçın
250 _a1.Baskı
260 _aİstanbul:
_bYapı Kredi Yayınları,
_cMayıs 2011
300 _a61 Sayfa
500 _aYapı Kredi Yayınları ; 3360 Edebiyat ; 979
650 0 _9145
_aTürk Edebiyatı
700 _91236
_aYalçın, Murat
942 _2lcc
_cBK